[Event "Wch U18 Girls"]
[Site "Montesilvano"]
[Date "2023.11.23"]
[Round "10"]
[White "Balabayeva, Kseniya"]
[Black "Gasimova, Samra"]
[Result "1-0"]
[WhiteElo "2192"]
[BlackElo "1860"]
[PlyCount "63"]
[EventDate "2023.11.13"]
[EventType "swiss"]
[EventRounds "11"]
[EventCountry "ITA"]
[SourceTitle "CBM 217 Extra"]
[Source "ChessBase"]
[SourceDate "2024.01.31"]
[SourceVersion "1"]
[SourceVersionDate "2024.01.31"]
[SourceQuality "1"]

1. d4 Nf6 2. Bf4 d5 3. e3 c5 4. dxc5 e6 5. b4 a5 6. c3 Be7 7. Nd2 0-0 8. a3 b6 9. cxb6 Qxb6 10. Ngf3 Nfd7 11. b5 a4 12. Qc2 f5 13. h4 Bf6 14. g4 e5 15. Bg3 fxg4 16. Ng5 e4 17. Qa2 Bb7 18. Ngxe4 Be5 19. Rg1 Kh8 20. Ng5 Qf6 21. Qc2 g6 22. 0-0-0 Bxc3 23. Nde4 dxe4 24. Rd6 Rc8 25. Rxf6 Bxf6 26. Bc4 Bd5 27. Bxd5 Rxc2+ 28. Kxc2 Ra5 29. Rb1 Na6 30. Nxe4 Be5 31. Bxe5+ Nxe5 32. bxa6 1-0

[Event "Wch U18 Girls"]
[Site "Montesilvano"]
[Date "2023.11.17"]
[Round "5"]
[White "Gasimova, Samra"]
[Black "Abrisqueta Zudaire, Leyre"]
[Result "1/2-1/2"]
[WhiteElo "1860"]
[BlackElo "2137"]
[PlyCount "68"]
[EventDate "2023.11.13"]
[EventType "swiss"]
[EventRounds "11"]
[EventCountry "ITA"]
[SourceTitle "CBM 217 Extra"]
[Source "ChessBase"]
[SourceDate "2024.01.31"]
[SourceVersion "1"]
[SourceVersionDate "2024.01.31"]
[SourceQuality "1"]

1. d4 Nf6 2. c4 e6 3. Nc3 Bb4 4. e3 0-0 5. Bd3 d5 6. Nge2 dxc4 7. Bxc4 c5 8. 0-0 cxd4 9. exd4 Nc6 10. Bg5 Be7 11. a3 h6 12. Bf4 b6 13. d5 Na5 14. Ba2 exd5 15. Nxd5 Ba6 16. Re1 Nxd5 17. Bxd5 Rc8 18. Ng3 Bf6 19. Nf5 Bc4 20. Nd6 Rc5 21. Bxc4 Nxc4 22. Nxc4 Rxc4 23. Be5 Bxe5 24. Rxe5 Qxd1+ 25. Rxd1 Rc2 26. Re7 a5 27. b4 axb4 28. axb4 Rb2 29. g3 Rxb4 30. Rdd7 g5 31. Rb7 Kg7 32. Rec7 b5 33. Kg2 Rb2 34. Rc5 b4 1/2-1/2

[Event "AZE-ch Blitz (Women)"]
[Site "Baku"]
[Date "2022.12.05"]
[Round "3"]
[White "Hajiyeva, Laman"]
[Black "Gasimova, Samra"]
[Result "1-0"]
[WhiteElo "2135"]
[BlackElo "1908"]
[PlyCount "109"]
[EventDate "2022.12.05"]
[EventType "swiss (blitz)"]
[EventRounds "7"]
[EventCountry "AZE"]
[SourceTitle "CBM 211 Extra"]
[Source "ChessBase"]
[SourceDate "2023.01.31"]
[SourceVersion "1"]
[SourceVersionDate "2023.01.31"]
[SourceQuality "1"]

1. e4 e6 2. Qe2 c5 3. g3 Nc6 4. c3 g6 5. Bg2 Bg7 6. f4 Nge7 7. Nf3 0-0 8. 0-0 d6 9. Na3 Rb8 10. Rd1 Qa5 11. Nc2 b5 12. d4 d5 13. dxc5 b4 14. cxb4 Nxb4 15. Kh1 Qxc5 16. Nxb4 Qxb4 17. e5 Nf5 18. g4 Ne7 19. b3 Qb6 20. Be3 Qb5 21. Qf2 Bb7 22. Nd4 Qd7 23. Qg3 a6 24. h4 Rfc8 25. Bd2 Rc7 26. h5 Rbc8 27. Ba5 Rc5 28. Bb4 R5c7 29. Qh4 Nc6 30. Bd6 Nxd4 31. Bxc7 Qxc7 32. Rxd4 Qc3 33. Rad1 Qb2 34. R4d2 Qc3 35. h6 Bf8 36. Qh2 Qe3 37. f5 exf5 38. gxf5 Qg5 39. fxg6 hxg6 40. h7+ Kh8 41. Bxd5 Bxd5+ 42. Rxd5 Bg7 43. R5d3 Bxe5 44. Qg2 Qh5+ 45. Qh3 Qxh3+ 46. Rxh3 Bg7 47. Rd2 Bf6 48. Kg2 Kg7 49. h8Q+ Rxh8 50. Rxh8 Kxh8 51. Rd6 Bc3 52. Rxa6 f5 53. Rxg6 Kh7 54. Rc6 Bg7 55. Kf3 1-0

[Event "AZE-ch Rapid (Women)"]
[Site "Baku"]
[Date "2022.12.02"]
[Round "1"]
[White "Beydullayeva, Govhar"]
[Black "Gasimova, Samra"]
[Result "0-1"]
[WhiteElo "2387"]
[BlackElo "1908"]
[PlyCount "60"]
[EventDate "2022.12.02"]
[EventType "swiss (rapid)"]
[EventRounds "7"]
[EventCountry "AZE"]
[SourceTitle "CBM 211 Extra"]
[Source "ChessBase"]
[SourceDate "2023.01.31"]
[SourceVersion "1"]
[SourceVersionDate "2023.01.31"]
[SourceQuality "1"]

1. d4 Nf6 2. c4 e6 3. Nf3 d5 4. Nc3 Bb4 5. Bg5 0-0 6. e3 b6 7. Bd3 dxc4 8. Bxc4 Bb7 9. 0-0 h6 10. Bh4 g5 11. Bg3 Bxc3 12. bxc3 Ne4 13. Ne5 Kg7 14. Qh5 Nd7 15. Ng4 Rh8 16. f4 Ndf6 17. Nxf6 Nxf6 18. Qe2 Ne4 19. f5 exf5 20. Rxf5 f6 21. Raf1 Bc8 22. Qh5 Rf8 23. Rd5 Qe7 24. Bd3 Qe6 25. c4 Bb7 26. Rdf5 Nxg3 27. hxg3 Qxe3+ 28. Kh2 Qxd3 29. d5 Rf7 30. Rh1 Qxf5 0-1

[Event "EU-ch U16 Girls 30th"]
[Site "Antalya"]
[Date "2022.11.09"]
[Round "4"]
[White "Blokhin, Sofia"]
[Black "Gasimova, Samra"]
[Result "1/2-1/2"]
[WhiteElo "2098"]
[BlackElo "1870"]
[PlyCount "102"]
[EventDate "2022.11.06"]
[EventType "swiss"]
[EventRounds "9"]
[EventCountry "TUR"]
[SourceTitle "CBM 211 Extra"]
[Source "ChessBase"]
[SourceDate "2023.01.31"]
[SourceVersion "1"]
[SourceVersionDate "2023.01.31"]
[SourceQuality "1"]

1. d4 Nf6 2. c4 e6 3. Nc3 Bb4 4. f3 c5 5. a3 Ba5 6. e3 0-0 7. Bd3 d5 8. Nge2 cxd4 9. Nxd4 e5 10. Nde2 Be6 11. cxd5 Nxd5 12. b4 Bb6 13. Qc2 Nxc3 14. Nxc3 f5 15. Na4 Nd7 16. Nxb6 Qxb6 17. 0-0 Rac8 18. Qe2 Nf6 19. Kh1 e4 20. Bb1 Nd5 21. Bd2 Nc3 22. Bxc3 Rxc3 23. fxe4 Rxe3 24. Qf2 f4 25. Bc2 Bc4 26. Rfe1 Rxe1+ 27. Qxe1 f3 28. gxf3 Rxf3 29. Qh4 Rf8 30. Re1 Be2 31. Bb3+ Kh8 32. Bd1 Bxd1 33. Rxd1 Qe3 34. Qg4 Qxa3 35. e5 Qa6 36. Qf3 Kg8 37. Qd5+ Kh8 38. b5 Qh6 39. Qxb7 Qh3 40. Qg2 Qe3 41. Qd5 Re8 42. Qd4 Qxd4 43. Rxd4 Kg8 44. Rd5 Kf7 45. Kg2 Ke6 46. Rd6+ Kxe5 47. Rd7 g5 48. Rxa7 Rb8 49. Re7+ Kf5 50. Rxh7 Rxb5 51. Rf7+ Kg6 1/2-1/2

[Event "EU-ch Hybrid U14 Girls"]
[Site "Tornelo INT"]
[Date "2021.10.15"]
[Round "7"]
[White "Darmaeva, Nomina"]
[Black "Gasimova, Samra"]
[Result "0-1"]
[WhiteElo "1767"]
[BlackElo "1624"]
[PlyCount "128"]
[EventDate "2021.10.15"]
[EventType "swiss"]
[EventRounds "9"]
[EventCountry "NET"]
[SourceTitle "EXT 2023"]
[Source "ChessBase"]
[SourceDate "2022.10.05"]
[SourceVersion "1"]
[SourceVersionDate "2022.10.05"]
[SourceQuality "1"]
[WhiteTeam "Russia"]
[BlackTeam "Azerbaijan"]
[WhiteTeamCountry "RUS"]
[BlackTeamCountry "AZE"]

1. e4 e6 2. d4 d5 3. Nc3 Nf6 4. Bg5 Be7 5. e5 Nfd7 6. Bxe7 Qxe7 7. f4 a6 8. Nf3 c5 9. a4 b6 10. Ne2 cxd4 11. Qd2 Nc5 12. Ng3 Nc6 13. Nxd4 Nxd4 14. Qxd4 Bd7 15. a5 b5 16. b4 Na4 17. Bd3 f5 18. 0-0 h5 19. Ne2 Bc6 20. Ra3 Qa7 21. Rb1 Ke7 22. Kf2 Rhc8 23. h3 h4 24. Rab3 Qxd4+ 25. Nxd4 Be8 26. Nf3 Nc3 27. Rg1 Ne4+ 28. Ke1 Bc6 29. Nxh4 g5 30. fxg5 Nxg5 31. Nf3 Nf7 32. Kd2 d4 33. Nxd4 Nxe5 34. Nxc6+ Rxc6 35. Re1 Kd6 36. Be2 Rg8 37. g3 Ke7 38. Re3 Nf7 39. Bd3 Rd6 40. Kc3 Kf6 41. Kb3 Rh8 42. g4 f4 43. Rf3 e5 44. Bf1 Ng5 45. Rc3 f3 46. Rc5 e4 47. c4 bxc4+ 48. Kxc4 Re6 49. Rf5+ Kg6 50. Kd4 e3 51. h4 Rxh4 52. Bd3 Kh6 53. Rf4 e2 54. Bc4 Rd6+ 55. Ke3 Rd1 56. Rxe2 fxe2 57. Kxe2 Rd6 58. b5 axb5 59. Bxb5 Rh2+ 60. Ke3 Rb2 61. Bf1 Rb3+ 62. Kf2 Nh3+ 63. Bxh3 Rxh3 64. Ra4 Ra6 0-1

[Event "EU-ch Hybrid U14 Girls"]
[Site "Tornelo INT"]
[Date "2021.10.15"]
[Round "4"]
[White "Gasimova, Samra"]
[Black "Radej, Pika"]
[Result "1-0"]
[WhiteElo "1624"]
[BlackElo "1453"]
[PlyCount "103"]
[EventDate "2021.10.15"]
[EventType "swiss"]
[EventRounds "9"]
[EventCountry "NET"]
[SourceTitle "EXT 2023"]
[Source "ChessBase"]
[SourceDate "2022.10.05"]
[SourceVersion "1"]
[SourceVersionDate "2022.10.05"]
[SourceQuality "1"]
[WhiteTeam "Azerbaijan"]
[BlackTeam "Slovenia"]
[WhiteTeamCountry "AZE"]
[BlackTeamCountry "SLO"]

1. d4 d5 2. c4 dxc4 3. e3 Nf6 4. Bxc4 e6 5. Nf3 Be7 6. 0-0 0-0 7. b3 c5 8. Bb2 Nc6 9. Nbd2 cxd4 10. Nxd4 Nxd4 11. Bxd4 a6 12. Be2 Qd7 13. Nc4 Qd8 14. Nb6 e5 15. Nxc8 Rxc8 16. Bxe5 Qxd1 17. Rfxd1 b5 18. Bd3 g6 19. Rac1 Ng4 20. Bb2 Bf6 21. Rxc8 Rxc8 22. Bd4 Ne5 23. Be4 Rd8 24. h3 Rd6 25. Rc1 Kg7 26. Bc3 Rd7 27. Ba5 Bd8 28. Bxd8 Rxd8 29. f4 Nd7 30. Rd1 Kf6 31. Bb7 a5 32. Bc6 Ke7 33. Bxb5 Nc5 34. Rxd8 Kxd8 35. Kf2 Ne4+ 36. Kf3 Nc3 37. Bc4 Ke7 38. a4 Nb1 39. e4 Nd2+ 40. Ke3 Nxc4+ 41. bxc4 Kd6 42. Kd4 Kc6 43. g4 Kd6 44. e5+ Kc6 45. f5 h6 46. fxg6 fxg6 47. c5 Kd7 48. Kd5 h5 49. gxh5 gxh5 50. e6+ Ke7 51. c6 h4 52. c7 1-0

[Event "Wch FIDE Online U14 Girls Europe qual"]
[Site "Tornelo INT"]
[Date "2020.12.08"]
[Round "5"]
[White "Gasimova, Samra"]
[Black "Sheikh, Anum"]
[Result "0-1"]
[WhiteElo "1523"]
[BlackElo "1709"]
[PlyCount "126"]
[EventDate "2020.12.07"]
[EventType "swiss (rapid)"]
[EventRounds "7"]
[EventCountry "ISS"]
[SourceTitle "EXT 2022"]
[Source "ChessBase"]
[SourceDate "2021.10.06"]
[SourceVersion "1"]
[SourceVersionDate "2021.10.06"]
[SourceQuality "1"]

1. d4 d5 2. c4 c6 3. Nc3 Nf6 4. cxd5 cxd5 5. Nf3 Nc6 6. e3 Bf5 7. Bd3 Bxd3 8. Qxd3 e6 9. Ne5 Be7 10. f4 Qb6 11. 0-0 0-0 12. Rf3 Rac8 13. Rh3 Nb4 14. Qb1 g6 15. a3 Nc6 16. Bd2 Kg7 17. Be1 Nxe5 18. fxe5 Ng4 19. Rg3 f5 20. h3 Nh6 21. Rf3 Nf7 22. b4 Ng5 23. Rf1 f4 24. Qd3 fxe3 25. Rxf8 Rxf8 26. Qxe3 Nf7 27. Bd2 Bg5 28. Qd3 Bxd2 29. Qxd2 Nxe5 30. Na4 Nc4 31. Nxb6 Nxd2 32. Nd7 Rf4 33. Nc5 Kf7 34. Nxb7 Nb3 35. Nd6+ Kf8 36. Rb1 Nxd4 37. Nc8 a6 38. Nb6 Nb5 39. a4 Nc3 40. Rb2 d4 41. Nd7+ Ke7 42. Nc5 e5 43. b5 axb5 44. axb5 Rf8 45. b6 Kd6 46. b7 Kxc5 47. b8Q Rxb8 48. Rxb8 e4 49. Kf2 e3+ 50. Kf3 Kc4 51. Re8 Kd3 52. g4 e2 53. Kf2 Kd2 54. h4 d3 55. h5 gxh5 56. gxh5 Nd1+ 57. Kf3 e1Q 58. Rxe1 Kxe1 59. Ke4 d2 60. Kd3 Nf2+ 61. Kd4 d1Q+ 62. Ke5 Qxh5+ 63. Kf6 Qg6+ 0-1

[Event "Wch FIDE Online U14 Girls Europe qual"]
[Site "Tornelo INT"]
[Date "2020.12.08"]
[Round "3"]
[White "Nikolaeva, Nadezhda"]
[Black "Gasimova, Samra"]
[Result "1-0"]
[WhiteElo "1846"]
[BlackElo "1523"]
[PlyCount "107"]
[EventDate "2020.12.07"]
[EventType "swiss (rapid)"]
[EventRounds "7"]
[EventCountry "ISS"]
[SourceTitle "EXT 2022"]
[Source "ChessBase"]
[SourceDate "2021.10.06"]
[SourceVersion "1"]
[SourceVersionDate "2021.10.06"]
[SourceQuality "1"]

1. d4 e6 2. c4 d5 3. Nc3 Nf6 4. Bg5 Be7 5. e3 c6 6. Nf3 h6 7. Bh4 Nbd7 8. Rc1 0-0 9. Be2 dxc4 10. Bxc4 b5 11. Be2 Bb7 12. 0-0 b4 13. Na4 Rc8 14. Nd2 c5 15. dxc5 Bc6 16. Bf3 Nd5 17. Bxe7 Qxe7 18. Nc4 Bxa4 19. Qxa4 Nxc5 20. Qc2 Rfd8 21. Rfd1 Nf6 22. Rxd8+ Rxd8 23. Ne5 Rc8 24. Nc6 Rxc6 25. Bxc6 Na6 26. Qc4 Nc7 27. Qc5 Qxc5 28. Rxc5 Ncd5 29. Bxd5 Nxd5 30. Ra5 Kf8 31. Rxa7 g6 32. Rb7 Kg7 33. e4 Nf4 34. Rxb4 Kf6 35. Kf1 Ke5 36. f3 g5 37. Rb7 Nd3 38. a4 Kd6 39. a5 Nc5 40. Rxf7 Kc6 41. b4 Na6 42. Rf6 Nxb4 43. Rxe6+ Kb5 44. Rxh6 Kxa5 45. Rh5 Kb6 46. Rxg5 Kc6 47. h4 Kd6 48. h5 Nc6 49. h6 Nd8 50. h7 Nf7 51. Rg7 Nh8 52. Rg8 Nf7 53. g4 Ke6 54. g5 1-0

[Event "EU-ch Online U14 Girls"]
[Site "Tornelo INT"]
[Date "2020.09.20"]
[Round "7"]
[White "Bashylina, Luisa"]
[Black "Gasimova, Samra"]
[Result "1/2-1/2"]
[WhiteElo "2005"]
[BlackElo "1523"]
[PlyCount "203"]
[EventDate "2020.09.18"]
[EventType "swiss (rapid)"]
[EventRounds "9"]
[EventCountry "NET"]
[SourceTitle "EXT 2023"]
[Source "ChessBase"]
[SourceDate "2022.10.05"]
[SourceVersion "1"]
[SourceVersionDate "2022.10.05"]
[SourceQuality "1"]
[WhiteTeam "Germany"]
[BlackTeam "Azerbaijan"]
[WhiteTeamCountry "GER"]
[BlackTeamCountry "AZE"]

1. e4 e6 2. d4 d5 3. Nd2 c5 4. exd5 exd5 5. Ngf3 Nf6 6. Be2 Be7 7. 0-0 0-0 8. dxc5 Bxc5 9. Nb3 Be7 10. c3 Bf5 11. Nbd4 Bg6 12. Qb3 Qb6 13. Qxb6 axb6 14. Nh4 Nc6 15. Nxg6 hxg6 16. Nb3 Bc5 17. Bf4 Rfd8 18. Nxc5 bxc5 19. Bf3 d4 20. Bc7 Re8 21. Bxc6 bxc6 22. Bd6 Nd7 23. cxd4 cxd4 24. h3 c5 25. b3 Re6 26. Bf4 Nb6 27. Rfc1 Nd5 28. Bd2 Rc6 29. Kf1 f6 30. Rc4 Nb6 31. Rc2 c4 32. bxc4 Rxc4 33. Rb2 Na4 34. Rb7 Rc2 35. Bf4 Nc3 36. a3 Nd5 37. Bg3 d3 38. Rd7 d2 39. Rxd5 Rc1+ 40. Ke2 Rxa1 41. Rxd2 R1xa3 42. Bf4 Re8+ 43. Be3 f5 44. Kf3 g5 45. g3 Rf8 46. Kg2 Re8 47. Bxg5 Kf7 48. Rd7+ Kg6 49. h4 Ra2 50. Rd6+ Kf7 51. Rd7+ Kg6 52. Rd6+ Kf7 53. Rd7+ Kg6 54. Rd6+ Kf7 55. Rd5 Ke6 56. Rd1 g6 57. Re1+ Kf7 58. Rxe8 Kxe8 59. Be3 Kf7 60. Kf3 Kf6 61. Bd4+ Ke6 62. Be3 Ra3 63. Kf4 Ra4+ 64. Kg5 Kf7 65. Bf4 Ra8 66. Be3 Rh8 67. Kf4 Re8 68. Kg5 Re4 69. h5 Rg4+ 70. Kh6 gxh5 71. Kxh5 Rg8 72. Bd2 Ke6 73. Bf4 Kd5 74. Kh4 Ke4 75. Kh5 Kf3 76. Be3 Rg4 77. Kh6 Rg8 78. Kh5 Kg2 79. Kh6 Kh3 80. Kh7 Rg4 81. Kh6 Kg2 82. Kh5 Kf3 83. Kh6 Kg2 84. Kh5 Kf3 85. Kh6 Ke4 86. Kh5 Ke5 87. Kh6 Rg8 88. Kh7 Rg4 89. Kh6 Kf6 90. Kh7 Ke5 91. Kh6 Kf6 92. Kh7 Kf7 93. Kh6 Rg8 94. Kh5 Kf6 95. Bd4+ Ke6 96. Be3 Kf7 97. Bd4 Ke6 98. Be3 Kd5 99. Kh6 Ke4 100. Kh7 Rg4 101. Kh6 Rg8 102. Kh5 1/2-1/2

[Event "EU-ch Online U14 Girls"]
[Site "Tornelo INT"]
[Date "2020.09.20"]
[Round "8"]
[White "Gasimova, Samra"]
[Black "Van Foreest, Machteld"]
[Result "1/2-1/2"]
[WhiteElo "1523"]
[BlackElo "1960"]
[PlyCount "170"]
[EventDate "2020.09.18"]
[EventType "swiss (rapid)"]
[EventRounds "9"]
[EventCountry "NET"]
[SourceTitle "EXT 2023"]
[Source "ChessBase"]
[SourceDate "2022.10.05"]
[SourceVersion "1"]
[SourceVersionDate "2022.10.05"]
[SourceQuality "1"]
[WhiteTeam "Azerbaijan"]
[BlackTeam "Netherlands"]
[WhiteTeamCountry "AZE"]
[BlackTeamCountry "NED"]

1. d4 d5 2. c4 c6 3. e3 Nf6 4. Nc3 e6 5. cxd5 cxd5 6. Nf3 Nc6 7. Bb5 Bd6 8. 0-0 0-0 9. b3 Bd7 10. Bb2 Rc8 11. Rc1 Qa5 12. Qe2 a6 13. Bd3 Nb4 14. Bb1 Ne4 15. Rfd1 f5 16. Ne5 Bxe5 17. dxe5 Qb6 18. a3 Nxc3 19. Bxc3 Nc6 20. b4 Qc7 21. Bb2 Qb8 22. f4 Rc7 23. g4 g6 24. gxf5 gxf5 25. Kh1 Be8 26. Rg1+ Kh8 27. Rg5 Rg8 28. Rcg1 Rxg5 29. Rxg5 Rg7 30. Qg2 Bg6 31. h4 Qg8 32. Qf2 Nd8 33. Qg2 Nf7 34. Rg3 Nh6 35. Rg5 Ng4 36. h5 Bf7 37. Bxf5 Rxg5 38. fxg5 Nxe3 39. Qf3 Nxf5 40. Qxf5 Bxh5 41. Qf6+ Qg7 42. Qxe6 Qxg5 43. Qc8+ Kg7 44. e6+ Kg6 45. Qg8+ Kf5 46. Qxh7+ Kxe6 47. Qd3 Qh4+ 48. Kg1 Qe1+ 49. Kg2 Qh4 50. Qe3+ Qe4+ 51. Qxe4+ dxe4 52. Kf2 Kd5 53. Ke3 Bf3 54. Bc1 Kc4 55. Kd2 Kb3 56. Ke3 Kc2 57. Bd2 Kb3 58. Bc1 b6 59. Kd4 a5 60. bxa5 bxa5 61. Kc5 a4 62. Kb5 Bd1 63. Kc5 Bc2 64. Kd4 Bd3 65. Ke3 Bb1 66. Ke2 Bc2 67. Ke3 Bd3 68. Kf2 Bc2 69. Ke3 Bd3 70. Kf2 Kc2 71. Be3 Bc4 72. Bc5 Kd2 73. Bb4+ Kd3 74. Ke1 e3 75. Bc5 e2 76. Bb4 Kc2 77. Bd6 Kb3 78. Bb4 Kc2 79. Be7 Kd3 80. Bb4 Kd4 81. Bf8 Ke4 82. Bb4 Kd3 83. Bf8 Kc3 84. Bb4+ Kb3 85. Bf8 Kb2 1/2-1/2

[Event "EU-ch Online U14 Girls"]
[Site "Tornelo INT"]
[Date "2020.09.18"]
[Round "3"]
[White "Kalamoukou, Giolanta"]
[Black "Gasimova, Samra"]
[Result "1/2-1/2"]
[WhiteElo "1232"]
[BlackElo "1523"]
[PlyCount "130"]
[EventDate "2020.09.18"]
[EventType "swiss (rapid)"]
[EventRounds "9"]
[EventCountry "NET"]
[SourceTitle "EXT 2023"]
[Source "ChessBase"]
[SourceDate "2022.10.05"]
[SourceVersion "1"]
[SourceVersionDate "2022.10.05"]
[SourceQuality "1"]
[WhiteTeam "Greece"]
[BlackTeam "Azerbaijan"]
[WhiteTeamCountry "GRE"]
[BlackTeamCountry "AZE"]

1. d4 e6 2. c4 d5 3. Nc3 Nf6 4. cxd5 exd5 5. Bg5 Be7 6. e3 0-0 7. Bd3 b6 8. Qc2 h6 9. Bh4 Bb7 10. Nf3 Nbd7 11. 0-0 c5 12. dxc5 bxc5 13. Rfd1 d4 14. Ne4 Nxe4 15. Bxe4 Bxe4 16. Qxe4 Bxh4 17. Qxh4 Ne5 18. Qe4 Nxf3+ 19. Qxf3 Qb6 20. exd4 cxd4 21. b3 Rfd8 22. Rac1 Rac8 23. Qd3 Rxc1 24. Rxc1 Qa5 25. Rc2 Qe1+ 26. Qf1 d3 27. Rc1 Qe2 28. Rd1 Qxa2 29. Rxd3 Rxd3 30. Qxd3 Qa1+ 31. Qf1 Qb2 32. Qd1 Qc3 33. h3 a5 34. Qd5 g6 35. Qb5 Kg7 36. Qa4 h5 37. g3 Qe1+ 38. Kg2 Qc3 39. Qa2 Qb4 40. Qb2+ Kg8 41. Qc2 Qb7+ 42. Kg1 Qf3 43. Qd2 Qf5 44. Qd8+ Kh7 45. Kg2 Qe4+ 46. Kh2 Qf3 47. Qd2 Qxb3 48. Qxa5 Qf3 49. Kg1 h4 50. Qc7 hxg3 51. fxg3 Qd1+ 52. Kf2 Qd2+ 53. Kf1 Qd3+ 54. Kf2 Qf5+ 55. Kg2 Kg7 56. Qc3+ Kh7 57. Qf3 Qxf3+ 58. Kxf3 g5 59. Kg4 Kg6 60. h4 f5+ 61. Kh3 Kh5 62. hxg5 Kxg5 63. Kg2 Kg4 64. Kf2 f4 65. gxf4 Kxf4 1/2-1/2

[Event "EU-ch U12 Girls"]
[Site "Bratislava"]
[Date "2019.08.04"]
[Round "3"]
[White "Gasimova, Samra"]
[Black "Karmanova, Olga Dm"]
[Result "0-1"]
[WhiteElo "1641"]
[BlackElo "1838"]
[PlyCount "100"]
[EventDate "2019.08.02"]
[EventType "swiss"]
[EventRounds "9"]
[EventCountry "SVK"]
[SourceTitle "EXT 2020"]
[Source "ChessBase"]
[SourceDate "2019.10.17"]
[SourceVersion "1"]
[SourceVersionDate "2019.10.17"]
[SourceQuality "1"]

1. d4 Nf6 2. c4 d6 3. Nf3 g6 4. Nc3 Bg7 5. Bg5 h6 6. Bh4 g5 7. Bg3 Nh5 8. e3 Nd7 9. Be2 Nxg3 10. hxg3 c5 11. Qd3 Qa5 12. Nd2 a6 13. Nb3 Qc7 14. Nd5 Qd8 15. Rd1 cxd4 16. exd4 0-0 17. Ne3 Nb8 18. f4 f5 19. fxg5 hxg5 20. g4 e6 21. gxf5 exf5 22. g4 f4 23. Nd5 Nc6 24. Qh7+ Kf7 25. Bd3 Rg8 26. Bf5 Ne7 27. Kd2 Bxf5 28. gxf5 Nxd5 29. cxd5 Qf6 30. Qh5+ Kf8 31. Qg4 a5 32. Rde1 Re8 33. Rxe8+ Kxe8 34. Re1+ Kf8 35. Re6 Qd8 36. Kd3 Rh8 37. Nd2 Rh4 38. Qg2 g4 39. Nc4 f3 40. Qg3 f2 41. Qxf2 g3 42. Qe3 Rxd4+ 43. Qxd4 Bxd4 44. Kxd4 g2 45. Rg6 Qh4+ 46. Kd3 Qh2 47. Rf6+ Ke7 48. Re6+ Kd7 49. f6 g1Q 50. Re7+ Kd8 0-1

[Event "AZE-ch (Women)"]
[Site "Baku"]
[Date "2019.02.05"]
[Round "2"]
[White "Gasimova, Samra"]
[Black "Hojjatova, Aydan Hikmat Qizi"]
[Result "1-0"]
[WhiteElo "1693"]
[BlackElo "2303"]
[PlyCount "81"]
[EventDate "2019.02.04"]
[EventType "swiss"]
[EventRounds "9"]
[EventCountry "AZE"]
[SourceTitle "CBM 188 Extra"]
[Source "ChessBase"]
[SourceDate "2019.02.28"]
[SourceVersion "1"]
[SourceVersionDate "2019.02.28"]
[SourceQuality "1"]

1. d4 e6 2. c4 Nf6 3. Nc3 Bb4 4. e3 c5 5. Bd3 Nc6 6. Nge2 d6 7. 0-0 Bxc3 8. bxc3 e5 9. d5 Ne7 10. Ng3 Ng6 11. e4 h6 12. f4 exf4 13. Bxf4 Ng4 14. Nf5 Bxf5 15. exf5 Nxf4 16. Rxf4 Ne5 17. Bc2 Kd7 18. Rb1 Kc7 19. Ba4 Qg5 20. Qb3 Rab8 21. Rff1 h5 22. Qb5 h4 23. h3 Qe3+ 24. Kh1 Qxc3 25. Rfc1 Qd2 26. Re1 Qxa2 27. Rxe5 Qxb1+ 28. Qxb1 dxe5 29. Qe4 Kd6 30. Qg4 b5 31. Bxb5 Rxb5 32. cxb5 Rg8 33. Qxh4 Rc8 34. Qc4 Re8 35. Kg1 e4 36. Kf2 Re5 37. g4 Re7 38. h4 f6 39. Qa2 e3+ 40. Ke2 Re4 41. Qxa7 1-0

[Event "AZE-ch (Women)"]
[Site "Baku"]
[Date "2019.02.04"]
[Round "1"]
[White "Abdulla, Khayala Mardan Qizi"]
[Black "Gasimova, Samra"]
[Result "0-1"]
[WhiteElo "2243"]
[BlackElo "1693"]
[PlyCount "116"]
[EventDate "2019.02.04"]
[EventType "swiss"]
[EventRounds "9"]
[EventCountry "AZE"]
[SourceTitle "CBM 188 Extra"]
[Source "ChessBase"]
[SourceDate "2019.02.28"]
[SourceVersion "1"]
[SourceVersionDate "2019.02.28"]
[SourceQuality "1"]

1. e4 e6 2. d4 d5 3. Nc3 Nc6 4. Nf3 Bb4 5. e5 f6 6. exf6 Nxf6 7. Bd3 0-0 8. 0-0 Ne7 9. Ne2 Bd6 10. Re1 c5 11. c3 c4 12. Bc2 Qc7 13. Ng3 Nc6 14. Bg5 Bd7 15. b3 b5 16. Qb1 h6 17. Bd2 e5 18. dxe5 Nxe5 19. Nd4 Neg4 20. Bf5 b4 21. Bxd7 Qxd7 22. f3 Ne5 23. Qf5 Rae8 24. Qxd7 Nfxd7 25. cxb4 Nd3 26. Rxe8 Rxe8 27. bxc4 dxc4 28. a3 Nb6 29. Nb5 Be5 30. Bc3 a6 31. Bxe5 axb5 32. Bd4 Na4 33. Ne4 Rd8 34. Bc3 Nf4 35. Bd2 Ne2+ 36. Kf2 Nd4 37. Bf4 c3 38. Be5 Nb3 39. Rf1 c2 40. Bf4 Rd1 41. Ke2 Rxf1 42. Kxf1 g5 43. Be3 Nb2 44. Nc5 c1Q+ 45. Bxc1 Nxc1 46. h4 gxh4 47. Kg1 Ne2+ 48. Kh2 Nf4 49. g3 hxg3+ 50. Kxg3 Nfd3 51. Ne4 Nc4 52. Kg4 Nxa3 53. Nd6 Nxb4 54. Kh5 Kh7 55. f4 Nd5 56. Kg4 b4 57. Ne4 b3 58. Nd2 b2 0-1

[Event "EU-ch U10 Girls 27th"]
[Site "Mamaia"]
[Date "2017.09.14"]
[Round "9"]
[White "Siekanska, Maria"]
[Black "Gasimova, Samra"]
[Result "0-1"]
[WhiteElo "1471"]
[BlackElo "1578"]
[PlyCount "136"]
[EventDate "2017.09.05"]
[EventType "swiss"]
[EventRounds "9"]
[EventCountry "ROU"]
[SourceTitle "CBM 180 Extra"]
[Source "ChessBase"]
[SourceDate "2017.10.06"]
[SourceVersion "1"]
[SourceVersionDate "2017.10.06"]
[SourceQuality "1"]

1. d4 Nf6 2. c4 g6 3. Nc3 Bg7 4. e4 d6 5. h3 0-0 6. Be3 Nc6 7. Nf3 Re8 8. Be2 b6 9. 0-0 Bb7 10. d5 Ne5 11. Bf4 Nfd7 12. Rc1 Nxf3+ 13. Bxf3 Ne5 14. Be2 c6 15. Re1 cxd5 16. cxd5 Rc8 17. Nb5 a6 18. Nc3 b5 19. a3 Nc4 20. Bxc4 Rxc4 21. Qd2 Qc7 22. Bg5 Rc8 23. Rc2 Bxc3 24. Rxc3 Rxc3 25. Qxc3 f6 26. Bd2 Qb6 27. Qd3 a5 28. Be3 Qa6 29. Rc1 Rxc1+ 30. Bxc1 b4 31. Qc2 bxa3 32. bxa3 Qb6 33. Bh6 Kf7 34. Be3 Qd8 35. Qb3 Qc7 36. Kh2 Qd7 37. Bd4 a4 38. Qe3 Qb5 39. Qh6 Kg8 40. Qd2 Ba6 41. Be3 Kf7 42. g4 g5 43. h4 gxh4 44. g5 Qe2 45. Qxe2 Bxe2 46. Kg2 Bd3 47. f3 f5 48. exf5 Bxf5 49. Bf2 Bd3 50. Bxh4 Bc4 51. f4 Bxd5+ 52. Kh3 Kg6 53. Kg4 Be6+ 54. Kf3 Kf5 55. g6 Kxg6 56. Bxe7 d5 57. Bc5 Kf5 58. Bf2 h5 59. Be1 d4 60. Bg3 d3 61. Ke3 Bc4 62. Be1 Kg4 63. Kd4 Bb5 64. Ke3 h4 65. Bf2 h3 66. Bg1 Kg3 67. f5 Kg2 68. Kd4 d2 0-1